Identify the Country from the Car Brand - Statistics

General Stats
  • This quiz has been taken 52 times
  • The average score is 11 of 15
Answer Stats
Hint Country % Correct
Lamborghini Italy
100%
Mercedes-Benz Germany
93%
Volvo Sweden
91%
Ford USA
91%
Nissan Japan
87%
Kia South Korea
85%
Dongfeng China
83%
Citroën France
83%
Škoda Czech Republic
70%
Vauxhall UK
67%
SEAT Spain
63%
Tata India
54%
Dacia Romania
54%
Proton Malaysia
30%
ZAZ Ukraine
22%
No matching quizzes found
Score Distribution
Percent of People with Each Score
Percentile by Number Answered
Your Score History
You have not taken this quiz